Developing a preventive model for improvised explosive device (IED) threats towards securing Malaysian's national security

Bibliographic Details
Main Author: Mohammad Azri Osman (Author)
Format: Book
Published: Kedah : Universiti Utara Malaysia, 2025
Subjects:
LEADER 01002nmm a2200241 i 4500
001 0000150682
005 20260209090000.0
008 260205 20252025my #
040 |a KPM  |b eng  |c KPM  |e rda 
090 0 0 |b MOH  |c f  |d TH  |e 2025 
100 1 |a Mohammad Azri Osman  |e author 
245 1 0 |a Developing a preventive model for improvised explosive device (IED) threats towards securing Malaysian's national security  |c Mohammad Azri Osman 
264 1 |a Kedah :  |b Universiti Utara Malaysia,  |c 2025 
300 |a xxiii, 332 pages :  |b illustrations ;  |c 30 cm 
336 |a text  |2 rdacontent 
337 |a unmediated  |2 rdamedia 
338 |a volume  |2 rdacarrier 
504 |a Includes bibliographical references and index 
650 1 0 |a Dissertations Academic  |z Malaysia 
650 1 0 |a Thesis 
852 1 |a 01 
999 |a 03760  |b KEMENTAH  |d COMPACT DISC  |e Thesis  |f Perpustakaan KEMENTAH  |j FINAL PROCESSING  |p 1  |q GOOD CONDITION 
999 |a TH 0026917  |b KEMENTAH  |d THESIS  |e Thesis  |f Perpustakaan KEMENTAH  |j FINAL PROCESSING  |q GOOD CONDITION